000 01979cam a22004814i 4500
003 PE-LiUPU
005 20260407143109.0
008 150623s r 000 0 d
020 _a0802844642
035 _a(Sirsi) i9780802844644
040 _aPE-LiUPU
_bspa
_cPE-LiUPU
_erda
049 _aPRUA
082 0 4 _a215
_bR78
_221
245 0 0 _aRethinking theology and science :
_bsix models for the current dialogue /
_ceditado por Niels Henrik Gregersen y J. Wentzel van Huyssteen.
264 1 _aGrand Rapids, Michigan :
_bWilliam B. Eerdmans Publishing Co.,
_c1998.
300 _a240 páginas ;
_c23 centímetros
336 _atext
_2rdacontent
337 _aunmediated
_2rdamedia
338 _avolume
_2rdacarrier
504 _aIncluye bibliografía.
505 0 _aPostfoundationalism in theology and science: beyond conflict and consonance. -A critical realist perspective on the dialogue between theology and science. -The significance of scientific images. -A pragmatic approach to religion and science. -Science and theology as complementary perspectives. -A contextual coherence theory for the science-theology dialogue.
526 _aSEG42
526 _aSEG41
526 _aSEG40
526 _aSEG39
526 _aP94
526 _aP87
526 _aP86
526 _aP85
526 _aP77
526 _aP76
526 _aP35
650 0 4 _aReligión y ciencia.
650 0 0 _aTeoría del conocimiento (Epistemología)
_91726
700 1 _aHenrik Gregersen, Niels,
_d1956-,
_eed.
700 1 _aHuyssteen, Wentzel van1942-,
_eed.
942 _2ddc
_cBOOK
949 _a215 R78
_wDEWEY
_c1
_i45629
_lCCODEBUL1
_mBUL
_r0
_sY
_tBOOK
_u2015-6-24
_xTEOLOGIA
_PP35
_0COMPRA
_o.STAFF. Colección General
994 _aC0
_bPEPRU
596 _a1
999 _a215 R78
_wDEWEY
_c22500
_i45629
_d22500
_f2021-11-9
_g5
_lCCODEBUL1
_mBUL
_q1
_r0
_sY
_tBOOK
_u2015-6-24
_xTEOLOGIA
_PP35
_0COMPRA
_o.STAFF. Colección General
980 _818226
_gJaime Vilcazán Jefe de Análisis Documental